000 00251nam a22001217a 4500
008 181101b xxu||||| |||| 00| 0 eng d
041 _aeng
080 _a579
100 _a11
101 _aMIC
245 _aHuman Mycoses
_cJames.p
942 _2udc
_cBK
999 _c51431
_d51431